000 00554nam a2200169Ia 4500
003 GCL
005 20240530105204.0
008 140319s9999 xx 000 0 ara d
040 _aGCL /
_cGCL
082 0 4 _a370.78
_bث م
100 1 _aثريا عبدالفتاح ملحس
245 1 0 _aمنهج البحوث العلمية للطلاب الجامعيين /
_cثريا عبدالفتاح ملحس
260 _a[S.N] :
_bدار الكتاب اللبنانى ،
_c1973
300 _a154 ص
650 0 4 _aالبحوث العلمية
942 _2ddc
_cBK
999 _c53787
_d53787